000 00719nam a2200241Ia 4500
003 OSt
005 20220918230503.0
006 a|||||r|||| 00| 0
007 ta
008 220917b |||||||| |||| 00| 0 eng d
024 _a254,077
037 _cTextual
040 _aARTS
_cARTS
_beng
041 _2eng
_aeng
082 _a2:97, P1 (2D)
100 _aPrashar R G
_9152715
245 0 _aLibrary Science with slant to documentation and information studies
_b A bibliographical and bibliometric study
260 _aLudhiana
_bMedallion Press India
_c2001
300 _a159p.
_ccm.
650 _aLIBRARY SCIENCE
942 _h2:97, P1 (2D)
_cTEXL
_2CC
999 _c288192
_d288192